| 000 | 00803nam a2200229Ia 4500 | ||
|---|---|---|---|
| 003 | OSt | ||
| 005 | 20210906145416.0 | ||
| 008 | 210310s1999 ck ad fr 000 0 spa d | ||
| 040 |
_aCO-JMCR _cCO-JMCR |
||
| 041 | 0 | _aspa | |
| 082 | 0 | 4 |
_a339.2 / _bC257i _223 |
| 100 | 1 |
_aJaramillo, Fernando, _917455 _eautor |
|
| 245 | 1 | 3 |
_aLa introducción de nuevos bienes, distribución del ingreso y crecimiento / _cFernando Jaramillo |
| 260 |
_aBogotá : _bUniversidad de los Andes, _c1999 |
||
| 300 |
_a26 páginas : _bilustraciones y gráficas a blanco y negro ; _c28 cm. |
||
| 490 | 0 |
_aDocumento CEDE ; _v99-06 |
|
| 504 | _aBibliografía: página 24-26 | ||
| 650 | 1 | 4 |
_aDistribución del ingreso _917457 |
| 650 | 2 | 4 |
_aDesarrollo económico _940031 |
| 650 | 2 | 4 |
_aConvergencia (Economía) _940032 |
| 942 |
_2ddc _cBK |
||
| 999 |
_c8501 _d8501 |
||